Score 0/14 Timer 03:00
0 Plays Today
Scrambled Word Unscrambled Word % Correct
RCACAR
98.7%
LAHLHALL
98.2%
ALBLBALL
98%
ADDEDEAD
96.2%
ENGEGENE
95.4%
ERVILLIVER
92%
BELATTABLE
91.7%
Scrambled Word Unscrambled Word % Correct
TYIDRDIRTY
82%
TROOMMOTOR
80.1%
MIWGSIMNSWIMMING
78.1%
GNIBTETBETTING
74.8%
GNAWDIWADING
71.8%
Word in common with all above:POOL
52.9%
CRATESLAIRESECRETARIAL
6%
Remove Ads.
Support Sporcle.
Get the best of Sporcle when you Go Orange. This ad-free experience offers more features, more stats, and more fun while also helping to support Sporcle. Thank you for becoming a member.

You're not logged in!

Compare scores with friends on all Sporcle quizzes.
OR
Log In

Show Comments

Extras

Top Quizzes Today


Score Distribution

Your Account Isn't Verified!

In order to create a playlist on Sporcle, you need to verify the email address you used during registration. Go to your Sporcle Settings to finish the process.

Report this User

Report this user for behavior that violates our Community Guidelines.

Details: